Normal view
MARC view
- Mccullough, Fran, Samuelsson, Marcus
Entry Personal Name
001 - CONTROL NUMBER
- control field: 65478
003 - CONTROL NUMBER IDENTIFIER
- control field: NUST
005 - DATE AND TIME OF LATEST TRANSACTION
- control field: 20210628203435.0
008 - FIXED-LENGTH DATA ELEMENTS
- fixed length control field: 210628|| aca||aabn | a|a d
040 ## - CATALOGING SOURCE
- Original cataloging agency: NUST
- Transcribing agency: NUST
100 ## - HEADING--PERSONAL NAME
- Personal name: Mccullough, Fran, Samuelsson, Marcus
670 ## - SOURCE DATA FOUND
- Source citation: Work cat.: (NUST): Mccullough, Fran, Samuelsson, Marcus, The best american recipes 2001-2002, 2001
